Statistiques concernant Traduction verbes en anglais

Cliquez ici pour prendre le quiz!

Statistiques générales

  • Ce quiz a été pris 571 fois
  • Le résultat moyen est 13 sur 20

Statistiques - réponses

FrançaisAnglais% Correct
AllerGo
99%
AvoirHave
98%
GagnerWin
97%
OuvrirOpen
96%
LireRead
95%
NagerSwim
95%
ConstruireBuild
91%
VouloirWant
89%
MentirLie
85%
PrierPray
74%
VoterVote
68%
FrapperHit
62%
Voler, cambriolerSteal
53%
JeterThrow
52%
RaserShave
41%
GiflerSlap
41%
HanterHaunt
40%
EnterrerBury
22%
MijoterSimmer, stew
8%
ÉlargirBroad
6%

Distribution des résultats

Percentile par nombre de réponses

% des personnes avec chaque résultat

Votre développement - résultats

Vous n’avez pas pris ce quiz